L'antivergine /
Збережено в:
| Автор: | |
|---|---|
| Формат: | Книга |
| Мова: | Італійська мова |
| Опубліковано: |
Milano :
CDE,
s1985
|
| Теги: |
Немає тегів, Будьте першим, хто поставить тег для цього запису!
|
MARC
| LEADER | 00000nam a22000007i 4500 | ||
|---|---|---|---|
| 001 | IT\ICCU\BVE\0237317 | ||
| 003 | ItRI | ||
| 005 | 20260115232246.0 | ||
| 008 | 020201s1985 it |||||| ||||| |||||c | ||
| 040 | |b ita |c importazione bologna sebina | ||
| 041 | 7 | |a ita |2 ISO-639-2 | |
| 100 | 1 | |a Arsan, Emmanuelle |0 IT\ICCU\CFIV\031839 |4 aut | |
| 240 | 1 | 0 | |a Emmanuelle : l'antivierge |3 IT\ICCU\SBL\0322633 |9 Arsan, Emmanuelle |
| 245 | 1 | 2 | |a L'antivergine / |c Emmanuelle Arsan. |
| 260 | |a Milano : |b CDE, |c s1985 | ||
| 300 | |a 287 p. ; |c 21 cm. | ||
| 790 | 0 | |a Emmanuelle |3 IT\ICCU\CFIV\144957 |z Arsan, Emmanuelle | |
| 942 | |2 ddc |c BK |n 0 | ||
| 952 | |0 0 |1 0 |4 0 |6 DOC_840_935000000000000_ARS |7 0 |9 23132 |a BO |b BO |d 2026-01-15 |i 12094 |l 0 |o DOC 840.935 ARS |p BO12094 |r 2026-01-15 23:22:46 |w 2026-01-15 |x [Sebina 5] [1 v.] |y BK |z 1 v. | ||
| 999 | |c 19725 |d 19725 | ||